| 000 | 00674nam a22002057a 4500 | ||
|---|---|---|---|
| 999 |
_c174739 _d174739 |
||
| 005 | 20200702144904.0 | ||
| 010 | _aENG-128264 | ||
| 020 |
_c895.00 _a9788183244893 |
||
| 035 | _aEN-111796 | ||
| 037 | _bDBAD/PUB | ||
| 082 | _a362.60954 | ||
| 245 |
_aCare for the Ailing Senior Citizens/ _cedited by Jai Prakash Dubey and Ashok Sharma |
||
| 260 |
_aNew Delhi _bMittal _c2014 |
||
| 270 |
_a4594/9,Daryaganj _bNew Delhi _e110002 _k23250398 _minfo@mittalbooks.com |
||
| 300 |
_axx;266p. _c22cm(hb) |
||
| 500 | _aincludes bibliographical references and index | ||
| 700 | _aDebey, Jai Prakash | ||
| 700 | _aSharma,Ashok | ||
| 942 |
_2ddc _cEN _h362.60954 _mCAR |
||